000 00225 a2200109 4500
020 _a1-930332-60-2
041 _aspa
100 _aBrown, Marc
245 _aArturo y la carrera por la lectura
942 _cBK
999 _c17768
_d17768
999 _d17768